[Event "25th Bosnjaci Open 2020"]
[Site "Bosnjaci"]
[Date "2020.01.10"]
[Round "8.7"]
[White "Kovacevic, Blazimir"]
[Black "Nikic, Patrick"]
[Result "1-0"]
[WhiteElo "2451"]
[BlackElo "2076"]
[Annotator "TA"]
[PlyCount "99"]
[EventDate "2020.01.03"]
[EventType "swiss"]
[EventCountry "CRO"]
[SourceTitle "playchess.com"]
[Source "ChessBase"]
[SourceQuality "1"]

{[%evp 19,98,15,35,0,7,7,0,10,20,20,20,28,40,46,31,27,61,29,17,16,18,25,22,25,31,37,29,11,90,19,21,14,52,20,95,131,99,0,0,0,0,0,6,0,0,0,13,7,7,0,8,0,0,0,9,14,10,0,0,0,0,0,89,89,89,89,89,89,616,602,2376,1733,6187,5477,5127,2187,29984,29985,29985,29986,29999]} 1. Nf3 c5 2. c4 Nc6 3. d4 cxd4 4. Nxd4 Nf6 5. Nc3 e6 6. g3 Bc5 7. Nb3 Be7 8. Bg2 O-O 9. O-O d6 10. Bf4 Nh5 11. Qd2 $146 {A33: Symmetrical English: 2 Nf3 Nf6 3 d4 cxd4 4 Nxd4 e6 5 Nc3 Nc6} ({Predecessor:} 11. Be3 Ne5 12. c5 d5 13. Bd4 Nc6 14. e4 Nxd4 15. Qxd4 dxe4 16. Qxe4 Nf6 17. Qe5 Bd7 18. Bxb7 Qb8 19. Qxb8 Raxb8 {1-0 (36) Kasparov,G (2838)-Oral,T (2546) Prague 2001}) 11... Nxf4 12. Qxf4 Bd7 13. Rfd1 {The position is equal.} Qb8 14. c5 {[%cal Rc5d6]} d5 15. Qxb8 Nxb8 16. e4 dxe4 17. Nxe4 Ba4 18. Nc3 Bc6 19. Na5 Bxg2 20. Kxg2 Bxc5 21. Nxb7 Be7 22. Rac1 $36 {[%mdl 2048] White is more active.} a5 23. Na4 Ra6 {[#]} (23... Ra7 $11 24. Nbc5 Rc7) 24. b3 (24. Rc7 $1 $16 {[%cal Rc7e7]} Bf6 25. Nbc5) 24... Bb4 25. Rc4 Rc6 26. Nd8 Rd6 (26... Rxc4 $11 27. bxc4 Na6) 27. Rxd6 $16 Bxd6 28. Nc6 (28. Nb7 $16 Bb4 29. Nb6) 28... Nxc6 $11 29. Rxc6 {[%mdl 4096] Endgame KRB-KRN} Bb4 30. Nb6 g5 31. Kf3 Kg7 32. Nc4 Rb8 33. g4 Rb5 34. Ke2 Rd5 35. h3 Kg6 36. a3 Be7 37. Rb6 h6 38. Rb7 Bf6 39. a4 Bc3 $1 40. Rb5 {Black must now prevent Rxd5.} f5 (40... Kf6 $11 {keeps the balance.}) 41. Rxd5 $16 exd5 {KB-KN} 42. Ne3 fxg4 43. hxg4 d4 $2 {[%mdl 8192] [#]} (43... Bb4 $16) 44. Nd5 $18 Bb2 45. b4 axb4 46. a5 b3 47. a6 Ba3 48. a7 {White mates.} b2 49. a8=Q {[%cal Ra8g8]} b1=Q 50. Qg8# {Accuracy: White = 52%, Black = 39%.} 1-0

[Event "25th Bosnjaci Open 2020"]
[Site "Bosnjaci"]
[Date "2020.01.09"]
[Round "8.8"]
[White "Dabic, Stjepan"]
[Black "Muratovic, Efim"]
[Result "0-1"]
[WhiteElo "2066"]
[BlackElo "2394"]
[Annotator "TA"]
[PlyCount "18"]
[EventDate "2020.01.03"]
[EventType "swiss"]
[EventCountry "CRO"]
[SourceTitle "playchess.com"]
[Source "ChessBase"]
[SourceQuality "1"]

{[%evp 9,44,4,35,-4,-1,-111,-104,-104,-112,-127,-104,-143,-93,-122,-125,-182,-157,-157,-155,-315,-320,-319,-323,-332,-332,-442,-360,-372,-378,-373,-362,-366,-245,-658,-645,-696,-691]} 1. d4 Nf6 2. c4 g6 3. Nc3 d5 4. Nf3 Bg7 5. h4 O-O 6. h5 {D90: Grünfeld: 4 Nf3 Bg7 sidelines} Nxh5 7. Rxh5 $146 (7. cxd5 $11 {keeps the balance.} c6 8. dxc6) ({Predecessor:} 7. cxd5 c6 8. dxc6 Nxc6 9. e3 Bg4 10. Be2 Rc8 11. Ng5 Bxe2 12. Qxe2 Nf6 {0-1 (36) Mamedyarov,S (2757)-Nepomniachtchi,I (2721) Beijing 2013}) 7... gxh5 $17 8. cxd5 {Black is better.} c6 9. e4 cxd5 {Played: Bc8-g4} 0-1

[Event "25th Bosnjaci Open 2020"]
[Site "Bosnjaci"]
[Date "2020.01.08"]
[Round "8.8"]
[White "Dabic, Stjepan"]
[Black "Muratovic, Efim"]
[Result "0-1"]
[WhiteElo "2066"]
[BlackElo "2394"]
[Annotator "TA"]
[PlyCount "40"]
[EventDate "2020.01.03"]
[EventType "swiss"]
[EventCountry "CRO"]
[SourceTitle "playchess.com"]
[Source "ChessBase"]
[SourceQuality "1"]

{[%evp 9,44,-1,0,-3,-15,-104,-100,-101,-104,-150,-121,-135,-92,-116,-125,-170,-159,-160,-148,-325,-333,-327,-329,-329,-331,-480,-369,-370,-380,-373,-359,-358,-238,-695,-692,-689,-691]} 1. d4 Nf6 2. c4 g6 3. Nc3 d5 4. Nf3 Bg7 5. h4 O-O 6. h5 {D90: Grünfeld: 4 Nf3 Bg7 sidelines} Nxh5 7. Rxh5 $146 (7. Nxd5 $11 {keeps the balance.} Nc6 8. e3) ({Predecessor:} 7. cxd5 c6 8. dxc6 Nxc6 9. e3 Bg4 10. Be2 Rc8 11. Ng5 Bxe2 12. Qxe2 Nf6 {0-1 (36) Mamedyarov,S (2757)-Nepomniachtchi,I (2721) Beijing 2013}) 7... gxh5 $17 8. cxd5 {[#]Black is better.} c6 $1 9. e4 Bg4 10. Be3 Nd7 {[%cal Bb8d7,Bd7f6,Bf6e4,Be4c3,Bc3d1][%mdl 32]} 11. Be2 cxd5 12. exd5 Qb6 13. Qd2 Rac8 14. O-O-O $2 (14. Kf1 $17) 14... Nf6 $19 15. Kb1 Rfd8 16. Na4 Qd6 17. Ne5 (17. Nc5 {is a better defense.}) 17... Qxd5 {Hoping for ...Ne4.} 18. Nc3 {[#]} Rxc3 $1 19. Nxg4 (19. bxc3 Ne4) 19... Ne4 (19... hxg4 $2 20. Qxc3 Qxg2 21. Qc7 $19) 20. Qe1 Rcc8 {Played: Qd5-f5} 0-1

[Event "25th Bosnjaci Open 2020"]
[Site "Bosnjaci"]
[Date "2020.01.10"]
[Round "8.8"]
[White "Dabic, Stjepan"]
[Black "Muratovic, Efim"]
[Result "0-1"]
[WhiteElo "2066"]
[BlackElo "2394"]
[Annotator "TA RC"]
[PlyCount "40"]
[EventDate "2020.01.03"]
[EventType "swiss"]
[EventCountry "CRO"]
[SourceTitle "playchess.com"]
[Source "ChessBase"]
[SourceQuality "1"]

{[%evp 9,44,-3,0,0,-21,-95,-97,-100,-100,-124,-96,-128,-81,-133,-117,-167,-165,-150,-128,-331,-326,-335,-331,-324,-338,-476,-366,-376,-383,-367,-369,-361,-252,-625,-645,-696,-675]} 1. d4 Nf6 2. c4 g6 3. Nc3 d5 4. Nf3 Bg7 5. h4 O-O 6. h5 {D90: Grünfeld: 4 Nf3 Bg7 sidelines} Nxh5 7. Rxh5 $146 (7. cxd5 $11 c6 8. dxc6) ({Predecessor:} 7. cxd5 c6 8. dxc6 Nxc6 9. e3 Bg4 10. Be2 Rc8 11. Ng5 Bxe2 12. Qxe2 Nf6 {0-1 (36) Mamedyarov,S (2757)-Nepomniachtchi,I (2721) Beijing 2013}) 7... gxh5 $17 8. cxd5 {Black is better.} c6 9. e4 Bg4 10. Be3 Nd7 {[%cal Bb8d7,Bd7f6,Bf6e4,Be4c3,Bc3d1][%mdl 32]} 11. Be2 ({Better is} 11. Qb3) 11... cxd5 12. exd5 Qb6 13. Qd2 Rac8 14. O-O-O $2 {[#]} (14. Kf1 $17 {was worth a try.}) 14... Nf6 $19 15. Kb1 Rfd8 16. Na4 Qd6 17. Ne5 (17. Nc5 $142) 17... Qxd5 {...Ne4 is the strong threat.} 18. Nc3 {[#]} Rxc3 $1 19. Nxg4 (19. bxc3 Ne4) 19... Ne4 (19... hxg4 $2 20. Qxc3 Qxg2 21. Qc7 $19) 20. Qe1 Rdc8 {Played: Qd5-f5} 0-1

[Event "25th Bosnjaci Open 2020"]
[Site "Bosnjaci"]
[Date "2020.01.10"]
[Round "8.9"]
[White "Petricevic, Ivan"]
[Black "Zufic, Miroslav"]
[Result "0-1"]
[WhiteElo "1942"]
[BlackElo "2375"]
[Annotator "TA"]
[PlyCount "52"]
[EventDate "2020.01.03"]
[EventType "swiss"]
[EventCountry "CRO"]
[SourceTitle "playchess.com"]
[Source "ChessBase"]
[SourceQuality "1"]

{[%evp 9,74,-18,8,-16,0,0,0,-35,0,-29,-11,-16,2,4,14,14,35,0,-7,-26,-25,-39,-40,-41,-40,-43,-35,-69,-66,-89,-83,-89,-88,-85,-89,-90,-92,-89,-83,-109,-85,-85,-84,-87,-87,-92,-85,-85,-87,-91,-92,-90,-50,-101,-108,-362,-319,-1622,-1418,-1007,-1029,-29974,-29975,-5739,-947,-5506,-2167]} 1. d4 Nf6 2. Bf4 d5 3. e3 e6 4. Nd2 Bd6 5. Bg3 c5 6. c3 {D00: 1 d4 d5: Unusual lines} Qc7 7. Bd3 Nbd7 8. f4 {The position is equal.} b6 9. Nh3 $146 ({Predecessor:} 9. Ngf3 Bb7 10. Ne5 O-O 11. Qf3 a5 12. Bh4 cxd4 13. exd4 Ba6 {0-1 (38) Vocaturo,D (2620)-Sonis,F (2445) Chianciano Terme 2018}) 9... Bb7 10. O-O Ne4 11. Bxe4 dxe4 12. Nc4 f5 13. Nxd6+ Qxd6 14. Qh5+ g6 15. Qe2 cxd4 16. cxd4 O-O 17. Rfc1 Nf6 18. Rc2 Nd5 19. a3 Rfc8 20. Rac1 Qd7 21. Be1 Rxc2 22. Rxc2 Rc8 {...Rxc2 is the strong threat.} 23. Rxc8+ Qxc8 24. Kf2 Ba6 25. Qd1 Qc4 {[#] And now ...Qf1+ would win.} 26. Bd2 Qb5 {Played: Qc4-d3} 0-1

[Event "25th Bosnjaci Open 2020"]
[Site "Bosnjaci"]
[Date "2020.01.10"]
[Round "8.10"]
[White "Jakovljevic, Vlado"]
[Black "Lazor, Vladimir"]
[Result "1/2-1/2"]
[WhiteElo "2351"]
[BlackElo "2158"]
[Annotator "TA"]
[PlyCount "120"]
[EventDate "2020.01.03"]
[EventType "swiss"]
[EventCountry "CRO"]
[SourceTitle "playchess.com"]
[Source "ChessBase"]
[SourceQuality "1"]

{[%evp 21,120,54,58,31,48,30,54,5,8,0,0,0,21,13,14,19,29,0,0,0,0,0,8,-64,-68,-59,-60,-58,-58,-68,-60,-66,20,21,20,-11,-23,-12,0,0,35,-20,-19,-13,-25,-127,-127,-109,0,0,0,0,19,-16,-8,-12,0,0,0,0,0,-8,-8,-8,-8,-8,0,-21,0,0,0,0,0,0,0,0,0,0,8,8,8,8,8,8,141,8,8,8,8,8,8,8,8,8,8,0,0,0,0,0,0]} 1. Nf3 Nf6 2. c4 g6 3. d4 Bg7 4. g3 O-O 5. Bg2 d6 6. Nc3 Nbd7 7. O-O e5 8. e4 c6 9. h3 Qc7 10. Be3 a6 11. Qc2 Re8 12. Rad1 {E69: King's Indian: Fianchetto: 6...Nbd7 7 0-0 e5 8 e4 c6 9 h3} (12. Rac1 Qb8 13. b4 b5 14. c5 dxc5 15. bxc5 Bf8 16. dxe5 Nxe5 17. Bd4 Nfd7 18. Nxe5 Rxe5 19. Bxe5 Qxe5 {1-0 (55) Enchev,I (2496)-Koellner,C (2105) Heusenstamm 2018}) 12... b5 13. c5 dxc5 14. dxc5 $146 {White is slightly better.} ({Predecessor:} 14. dxe5 Nxe5 15. Nxe5 Qxe5 16. Bf4 Qh5 17. e5 Nd5 18. Nxd5 cxd5 19. Rxd5 Bxh3 {1-0 (49) Manninen,M (2365)-Weiss,C (2250) Parnaiba 1995}) 14... a5 15. b3 Bf8 16. Nb1 b4 17. Rc1 Ba6 18. Rfd1 Be7 19. Ne1 Nf8 {[%cal Bd7f8,Bf8e6,Be6g5][%mdl 32]} 20. Bf1 Bxf1 21. Kxf1 Ne6 22. f3 (22. Nd2 $11) 22... Nh5 $15 23. Kg2 Bg5 24. Bxg5 Nxg5 25. Qd2 Ne6 $1 26. Qd7 Rad8 ({Better is} 26... Qxd7 $15 27. Rxd7 a4) 27. Qxc7 $11 Nxc7 28. Nd3 Nb5 29. Nb2 Rd4 (29... Nd4 {is more complex.} 30. Nc4 f5 31. Nd6 fxe4 32. Nxe4 Rf8) 30. Rxd4 exd4 31. Rc2 ({White should try} 31. Nd3 $14) 31... Nc3 32. Nd2 $1 f5 ({Of course not} 32... Nxa2 $6 33. Ndc4 $14) 33. Nbc4 (33. Ndc4 $1 $11) 33... d3 $17 ({And not} 33... fxe4 34. Nxe4 Nxe4 35. fxe4 $11) 34. Rb2 {[#]} fxe4 (34... Nf6 $1 $17 {[%cal Rf5e4]} 35. e5 Nd7 36. Nxa5 Nxe5) 35. Nxe4 $11 Nxe4 36. fxe4 Rxe4 $17 {[%mdl 4096] Endgame KRN-KRN} 37. Kf2 Nf6 38. Kf3 a4 39. Rd2 axb3 40. axb3 Rd4 41. Ke3 Rd5 42. Rxd3 Rxc5 43. Rd6 Ne8 44. Rd7 Rd5 45. Rxd5 cxd5 $11 {KN-KN} 46. Nb6 Nf6 47. Kd4 Ne4 48. Nxd5 Nxg3 49. Nxb4 Kf7 50. Ke5 g5 51. Nd5 {Black should prevent b4.} h5 52. b4 g4 (52... Ke8 $11 {remains equal.}) 53. h4 ({White has to play} 53. hxg4 $16 hxg4 54. b5) 53... Ne2 {The position is equal.} 54. Ne3 g3 55. Ke4 {And now Kf3 would win.} Ke6 56. Kf3 Nd4+ 57. Kxg3 {[#] Strongly threatening Kf4.} Ke5 58. Nd1 Nf5+ 59. Kh3 Kd4 60. Nf2 Kc4 {Accuracy: White = 51%, Black = 54%.} 1/2-1/2

[Event "25th Bosnjaci Open 2020"]
[Site "Bosnjaci"]
[Date "2020.01.08"]
[Round "8.11"]
[White "Klasan, Vladimir"]
[Black "Blagojevic, Marijan"]
[Result "0-1"]
[WhiteElo "2342"]
[BlackElo "2164"]
[Annotator "TA"]
[PlyCount "112"]
[EventDate "2020.01.03"]
[EventType "swiss"]
[EventCountry "CRO"]
[SourceTitle "playchess.com"]
[Source "ChessBase"]
[SourceQuality "1"]

{[%evp 9,170,13,12,5,17,14,20,9,39,33,75,70,89,40,37,44,39,45,41,40,72,64,75,22,18,-4,28,10,50,0,0,0,0,0,0,-17,-3,-11,-3,-1,-8,-33,-25,-57,-58,-44,0,0,0,0,27,32,63,75,189,182,175,188,183,68,442,430,575,571,997,29,115,0,0,0,0,0,0,-785,0,0,0,0,0,0,0,0,0,-8,0,-7,0,0,0,-22,0,0,0,0,-2,-9,-9,-9,-11,-31,-39,-50,0,-22,-9,-12,-12,-17,-12,-17,-20,-20,0,-50,0,-303,-291,-276,-283,-690,-31,-274,-253,-819,-402,-12807,-426,-337,-312,-12829,-12827,-12839,-12829,-12808,-12031,-1439,-1230,-12838,-12836,-12833,-12833,-12840,-12840,-12849,0,-912,0,-12849,-12850,-12850,-12850,-12850,-12849,-12850,-12850,-12851,-29975,-12851,-29975,-12851,-29978,-12851,-27999]} 1. e4 c5 2. Nf3 d6 3. Bc4 e6 4. O-O Nf6 5. Qe2 (5. d3 Be7 6. Nbd2 a6 7. Re1 O-O 8. c3 b5 9. Bb3 Bb7 10. Bc2 Nc6 11. Nf1 Rc8 12. Ng3 Ne5 13. Ng5 {1-0 (46) Artemiev,V (2691)-Jumabayev,R (2612) Riadh 2017}) 5... a6 {With the idea ...b5.} 6. Bb3 {B50: Sicilian: 2...d6, Miscellaneous} Be7 7. c3 O-O 8. d4 {The position is equal.} Qc7 $146 ({Predecessor:} 8... Nc6 9. dxc5 dxc5 10. e5 Nd7 11. Bf4 Qc7 12. Bc2 Re8 {½-½ (76) Eisenbeiser,A (2352)-Weber,U (2425) Germany 2014}) 9. e5 dxe5 10. dxe5 Nfd7 11. Bf4 b5 12. Nbd2 Bb7 13. Bc2 c4 14. Ne4 Nc5 15. Nxc5 Qxc5 16. Nd2 (16. Rad1 $16) 16... Nd7 {[%cal Bb8d7,Bd7c5,Bc5d3][%mdl 32]} 17. Rfe1 Rad8 18. Qg4 Rfe8 19. Rad1 Qc7 20. h4 Nc5 21. Re3 Nd3 22. Rg3 {[%csl Gg3][%cal Rg4g7]} Bf8 23. Bxd3 Rxd3 24. Rxd3 cxd3 25. Nb3 Rd8 26. Nd4 Qc4 27. a3 Rd7 28. Qg3 Be4 29. h5 Bc5 30. Bh6 {[%csl Gh6][%cal Rg3g7]} g6 31. Qh4 $36 {[%mdl 2048] White is in control.} Bb7 ({Stronger than} 31... Bxd4 32. Qf6 Bxe5 33. Qxe5 f6 34. Qb8+ Qc8 35. Qxc8+ Rd8 36. Qxd8+ Kf7 37. Qf8#) (31... Bf5 $16) 32. Qf6 $18 {[%csl Gh6][%cal Rf6g7]} Bf8 33. Bxf8 Kxf8 34. h6 (34. Kh2 $18) 34... Qd5 $2 {[%mdl 8192]} (34... Ke8 $14) 35. f3 Qa2 36. Kh2 Ke8 37. Rd2 $2 (37. Qh8+ $18 Ke7 38. Qxh7) 37... Qb1 $1 $11 {[#]} 38. Nxe6 (38. a4 $1 $16 {[%mdl 512]}) 38... fxe6 39. Qh8+ Ke7 40. Qxh7+ {[%mdl 64] Double Attack} Kd8 {[#]} 41. Qxd7+ $1 {[%mdl 512]} Kxd7 42. h7 {[#]} Qc2 $1 {[%cal Rc2d2]} 43. Rxc2 dxc2 44. h8=Q {[%mdl 4096] Endgame} c1=Q 45. Qg7+ Kc6 {Threatens to win with ...g5.} 46. Qf8 {[%csl Ge5][%cal Rf8d6]} Qd2 47. Qe8+ Qd7 (47... Kc7 {looks sharper.} 48. Qxe6 g5 49. Qe7+ Kb6 50. Qf8 Bc6) 48. Qxg6 Kb6 49. Kg3 Ka7 50. Qg5 Bd5 51. Qe3+ Kb7 52. Kf2 Qh7 53. Kg3 Qg6+ 54. Kh2 Qh5+ 55. Kg3 Qg6+ 56. Kh2 Qf7 {Played: Qg6-c2} 0-1

[Event "25th Bosnjaci Open 2020"]
[Site "Bosnjaci"]
[Date "2020.01.10"]
[Round "8.12"]
[White "Muskinja, Luka"]
[Black "Zovko, Mario"]
[Result "1/2-1/2"]
[WhiteElo "1901"]
[BlackElo "2330"]
[Annotator "TA"]
[PlyCount "28"]
[EventDate "2020.01.03"]
[EventType "swiss"]
[EventCountry "CRO"]
[SourceTitle "playchess.com"]
[Source "ChessBase"]
[SourceQuality "1"]

{[%evp 19,28,0,18,6,19,0,62,63,69,22,37]} 1. Nf3 d5 2. e3 Nf6 3. c4 e6 4. b3 Be7 5. Bb2 O-O 6. d4 b6 7. Bd3 Bb7 8. Nbd2 Nbd7 9. O-O c5 10. Qe2 Ne4 11. Rad1 {E14: Queen's Indian: Classical Variation (4 e3)} (11. Rfd1 Qc7 12. cxd5 exd5 13. Rac1 Bf6 14. Nf1 Rac8 15. Ng3 g6 16. Bb5 Bc6 17. Bxc6 Qxc6 18. dxc5 Nxg3 19. hxg3 bxc5 20. Bxf6 Nxf6 {½-½ (57) Short,N (2664)-Ganguly,S (2603) Kolkata 2015}) 11... f5 12. Ne5 Bd6 $146 ({Black should play} 12... cxd4 $11 13. Nxd7 Qxd7) ({Predecessor:} 12... Bf6 13. Ndf3 Nxe5 14. Nxe5 Qe7 15. f3 Ng5 16. cxd5 exd5 17. f4 Ne4 18. Rc1 cxd4 19. Bxd4 {½-½ (46) Zimmermann,M (1957)-Orlova,L (2024) Magdeburg 2015}) 13. Nxd7 Qxd7 14. Bxe4 dxe4 1/2-1/2

[Event "25th Bosnjaci Open 2020"]
[Site "Bosnjaci"]
[Date "2020.01.10"]
[Round "8.13"]
[White "Andrijevic, Milan"]
[Black "Matic, Zeljko"]
[Result "1-0"]
[WhiteElo "2223"]
[BlackElo "2142"]
[Annotator "TA"]
[PlyCount "45"]
[EventDate "2020.01.03"]
[EventType "swiss"]
[EventCountry "CRO"]
[SourceTitle "playchess.com"]
[Source "ChessBase"]
[SourceQuality "1"]

{[%evp 22,65,0,-78,0,0,39,9,29,9,12,12,22,0,74,47,126,-9,191,145,388,411,590,575,568,522,490,302,337,332,383,351,598,589,530,424,755,753,1297,594,583,575,1055,999,901,891]} 1. e4 g6 2. d4 Bg7 3. Nf3 d6 4. Be2 c5 5. O-O cxd4 6. Nxd4 Nf6 7. Nc3 O-O 8. Be3 Nc6 9. Nb3 Be6 10. f4 Rc8 11. f5 Bd7 12. g4 (12. a4 $1 $11) 12... Na5 {B74: Sicilian Dragon: Classical System with 9 Nb3} (12... Ne5 $17) 13. Nd2 {[#]} Be8 $146 ({Predecessor:} 13... Bc6 14. g5 Nd7 15. Qe1 b5 16. Qh4 b4 17. Nd1 Ne5 18. f6 Bh8 {1-0 (49) Radulski,J (2577)-Gopal,G (2575) Cappelle-la-Grande 2010}) 14. g5 (14. Bxa7 b6 $17) 14... Nd7 {The position is equal.} 15. Nd5 ({But not} 15. Bxa7 b6 $17) 15... Bxb2 16. Rb1 {And now f6 would win.} Be5 17. f6 $36 {[%mdl 2048] White has some pressure.} exf6 (17... Nc6 $1 $11 {remains equal.}) 18. gxf6 $16 Kh8 {[#]} (18... Rc5 $14) 19. Qe1 ({Don't play} 19. Bxa7 $6 Nc6 $14) ({Better is} 19. Nf3 $1 $16) 19... Nc6 $2 ({Don't go for} 19... Nxf6 $2 20. Bg5 $18) (19... Rxc2 $11 20. Nf3 Rg8) 20. c3 b6 $2 (20... Rg8 $16 {was worth a try.}) 21. Qh4 $18 g5 (21... Rg8 $142 22. Bg4 g5 23. Bxg5 Nf8 24. Bxc8 Qxc8) 22. Bxg5 Rg8 {If only Black now had time for ...Nxf6....} 23. Kh1 {Played: Be2-g4} 1-0

[Event "25th Bosnjaci Open 2020"]
[Site "Bosnjaci"]
[Date "2020.01.10"]
[Round "8.14"]
[White "Medic, Mirjana"]
[Black "Sadikovic, Jasmin"]
[Result "1/2-1/2"]
[WhiteElo "2195"]
[BlackElo "2111"]
[Annotator "TA"]
[PlyCount "40"]
[EventDate "2020.01.03"]
[EventType "swiss"]
[EventCountry "CRO"]
[SourceTitle "playchess.com"]
[Source "ChessBase"]
[SourceQuality "1"]

{[%evp 11,40,2,0,2,14,1,1,-35,0,-12,-19,-26,0,0,0,0,8,0,0,0,13,13,25,16,23,12,21,-7,-4,13,8]} 1. d4 d5 2. Nf3 Nf6 3. e3 c6 4. c4 Bg4 5. Nc3 e6 6. Qb3 Qb6 7. Bd3 {D11: Slav Defence: 3 Nf3 sidelines and 3...Nf6 4 e3 Bg4} (7. Nh4 Nbd7 8. h3 Bh5 9. g4 Bg6 10. Nxg6 hxg6 11. Bg2 g5 12. O-O Be7 13. Rd1 Nf8 14. cxd5 exd5 {1-0 (87) Wang,H (2756)-Shirov,A (2684) Moscow 2019}) 7... Nbd7 8. Qxb6 axb6 9. O-O Bd6 $146 ({Predecessor:} 9... dxc4 10. Bxc4 b5 11. Bd3 b4 12. Ne4 Nxe4 13. Bxe4 {½-½ (30) Delander,A-Mohrlok,D Kiel 1967}) 10. Nd2 O-O 11. e4 dxe4 (11... e5 $5 {[%cal Re5d4]} 12. exd5 exd4 $11) 12. Ndxe4 Nxe4 13. Nxe4 Bc7 14. f3 Bf5 15. Rd1 Bg6 16. Be3 Rfe8 17. a3 Rad8 18. Rac1 Nf6 {The position is equal.} 19. Bc2 Bxe4 20. Bxe4 Nxe4 {Accuracy: White = 31%, Black = 29%.} 1/2-1/2

[Event "25th Bosnjaci Open 2020"]
[Site "Bosnjaci"]
[Date "2020.01.10"]
[Round "9.1"]
[White "Plenkovic, Zdenko"]
[Black "Zaja, Ivan"]
[Result "1/2-1/2"]
[WhiteElo "2348"]
[BlackElo "2447"]
[Annotator "TA"]
[PlyCount "24"]
[EventDate "2020.01.03"]
[EventType "swiss"]
[EventCountry "CRO"]
[SourceTitle "playchess.com"]
[Source "ChessBase"]
[SourceQuality "1"]

{[%evp 18,24,26,23,31,6,21,10,39]} 1. g3 f5 2. Bg2 Nf6 3. c4 g6 4. Nc3 Bg7 5. d3 d6 6. e4 Nc6 7. Nge2 O-O 8. O-O e5 9. Nd5 Ne7 10. Nxf6+ Bxf6 {A26: English Opening vs King's Indian with ...Nc6 and d3} 11. d4 Nc6 $146 {[%cal Re5d4]} ({Predecessor:} 11... fxe4 12. dxe5 Bxe5 13. Bxe4 c6 14. Nf4 Nf5 15. Rb1 Qf6 16. b3 Nd4 17. Be3 Bf5 18. Bxf5 Nxf5 {½-½ (26) Arutinian,D (2530)-Sanikidze,T (2510) Tbilisi 2017}) 12. d5 Nb8 1/2-1/2

[Event "25th Bosnjaci Open 2020"]
[Site "Bosnjaci"]
[Date "2020.01.10"]
[Round "9.2"]
[White "Vidovic, Sasa"]
[Black "Fercec, Nenad"]
[Result "1/2-1/2"]
[WhiteElo "2187"]
[BlackElo "2423"]
[Annotator "TA"]
[PlyCount "26"]
[EventDate "2020.01.03"]
[EventType "swiss"]
[EventCountry "CRO"]
[SourceTitle "playchess.com"]
[Source "ChessBase"]
[SourceQuality "1"]

{[%evp 9,14,-5,43,35,36,46,40]} 1. b3 e5 2. Bb2 d6 3. d4 exd4 4. Qxd4 Nf6 (4... Nc6 5. Qd1 Nf6 6. Nf3 g6 7. e3 Bg7 8. c4 O-O 9. Nbd2 Bf5 10. Be2 Nb4 11. Nd4 Nd3+ 12. Bxd3 Bxd3 {0-1 (51) Khismatullin,D (2654)-Potapov,P (2476) Khanty-Mansiysk 2015}) 5. Nc3 Be7 6. O-O-O {A01: Nimzowitsch-Larsen Opening} Nc6 7. Qd2 O-O {Predecessor:} 8. h4 $146 Ng4 9. e4 Bxh4 10. g3 Bf6 11. f3 Bg5 12. f4 Bf6 13. Nf3 h6 {½-½ (30) Louvrier Saint Mary,J (2046)-Kvashyna,T (1896) Paris 2004} 1/2-1/2

[Event "25th Bosnjaci Open 2020"]
[Site "Bosnjaci"]
[Date "2020.01.09"]
[Round "9.3"]
[White "Runic, Zoran"]
[Black "Rosic, Slavko S"]
[Result "1-0"]
[WhiteElo "2326"]
[BlackElo "2295"]
[Annotator "TA"]
[PlyCount "61"]
[EventDate "2020.01.03"]
[EventType "swiss"]
[EventCountry "CRO"]
[SourceTitle "playchess.com"]
[Source "ChessBase"]
[SourceQuality "1"]

{[%evp 12,61,32,18,11,0,25,13,11,11,35,32,41,31,34,26,31,23,52,49,48,58,64,77,98,114,201,193,233,227,221,221,216,209,460,458,444,449,444,439,755,743,1246,1133,1994,1993,1668,1610,2426,2358,1832,1230]} 1. e4 c5 2. Nf3 d6 3. d4 cxd4 4. Nxd4 Nf6 5. Nc3 a6 6. h3 Nc6 7. Be3 e5 {B90: Sicilian Najdorf: Unusual White 6th moves, 6 Be3 Ng4 and 6 Be3 e5} 8. Nde2 (8. Nb3 Be6 9. Qf3 Be7 10. O-O-O O-O 11. g4 b5 12. Kb1 Nd7 13. Nd5 Rb8 14. h4 a5 15. g5 {1-0 (34) Caruana,F (2822)-Korobov,A (2670) Bucharest 2019}) 8... b5 9. g4 b4 $146 {The position is equal.} ({Predecessor:} 9... h6 10. Ng3 Be6 11. Bg2 Rc8 12. Qd2 Na5 13. b3 Qc7 14. Nd5 Bxd5 15. exd5 {1-0 (34) Kupreichik,V (2460)-Gruermann,M Muenster 1991}) 10. Nd5 Rb8 11. Bg2 h5 12. Nxf6+ Qxf6 13. g5 $36 {[%mdl 2048] White has some pressure.} Qd8 14. Qd2 Qa5 15. f4 exf4 16. Nxf4 Ne5 17. b3 Bd7 {[#]} 18. a3 $1 {[%mdl 512]} Nc6 (18... Bc6 $16 19. O-O Be7) (18... bxa3 19. Qxa5) 19. Nd5 $18 Be6 20. O-O bxa3 21. Qxa5 Nxa5 22. Rxa3 Bxd5 $2 (22... Nc6 23. Rxa6 Bxd5) 23. exd5 {White is clearly winning.} Nb7 24. g6 fxg6 25. Be4 a5 (25... Kd7 $142 26. Bxg6 Be7 27. Rxa6 Rhf8 28. Rxf8 Rxf8 29. Bxh5 Kc7) 26. Bxg6+ Kd8 {[#]} 27. b4 $1 {[%mdl 512]} Kd7 (27... axb4 28. Bb6+) 28. Rf7+ Be7 29. Bg5 Rhe8 30. Re3 Kc7 31. Rexe7+ {Accuracy: White = 75%, Black = 37%.} 1-0